| 000 | 00428nam a2200169 a 4500 | ||
|---|---|---|---|
| 005 | 20140310183440.0 | ||
| 008 | 080415s19uu xx 00 eng d | ||
| 020 | _a0743411986 | ||
| 050 |
_aPS 3561 _b.Su965 2004 |
||
| 100 | _aSutcliffe, Katherine | ||
| 245 |
_aObsession / _cKatherine Sutcliffe. |
||
| 260 |
_aNew York : _bZebra Books, _c2004. |
||
| 300 | _a442 | ||
| 650 | _aFiction. | ||
| 942 |
_cBK _2lcc |
||
| 999 |
_c23052 _d23052 |
||